Σπάρτη : η ιστορία, η κοινωνία και ο πολιτισμός της αρχαίας λακωνικής πόλης

Αποθηκεύτηκε σε:
Λεπτομέρειες βιβλιογραφικής εγγραφής
Κύριος συγγραφέας: Baltrusch, Ernst
Άλλοι συγγραφείς: Μπαλόγλου, Χρήστος Π. (Μεταφραστής), Μαυρουδής, Αιμίλιος Δημ (Επιμελητής έκδοσης), Δεληκάρη, Αγγελική (edtf)
Μορφή: Βιβλίο
Γλώσσα:Greek
German
Δημοσίευση: Αθήνα : Δημ. Ν. Παπαδήμας, 2003.
Θέματα:
Ετικέτες: Προσθήκη ετικέτας
Δεν υπάρχουν, Καταχωρήστε ετικέτα πρώτοι!

MARC

LEADER 00000cam a2200000 i 4500
001 1/27423
008 060403s2003 gr | ||| |||| ||gre||
020 |a 9602064544  
035 |l 10083402  
040 |a GR-MyUa   |b gre   |e AACR2  
041 1 |a gre  |h ger 
082 7 |a 938.16   |2 (22)  
100 1 |a Baltrusch, Ernst. 
245 1 0 |a Σπάρτη :   |b η ιστορία, η κοινωνία και ο πολιτισμός της αρχαίας λακωνικής πόλης /   |c Ernst Baltrusch ; μετάφραση Χρήστος Π. Μπαλόγλου ; επιμέλεια Αγγελική Δεληκάρη, Αιμίλιος Δημ. Μαυρουδής.  
260 |a Αθήνα :   |b Δημ. Ν. Παπαδήμας,   |c 2003.  
300 |a 191 σ. :   |b εικ., χαρτ. ;   |c 22 εκ.  
500 |a Με: Η πόλη / Max Weber. - Έθνη και εθνικισμός / Ernest Gellner. 
500 |a Τίτλος πρωτοτύπου: Sparta Geschichte Gessellschaft Kultur.  
651 0 |a Sparta (Extinct city)  |x History. 
700 1 |a Μπαλόγλου, Χρήστος Π.  |e trl 
700 1 |a Μαυρουδής, Αιμίλιος Δημ.  |e edt 
700 1 |a Δεληκάρη, Αγγελική,  |e edtf 
852 |a INST  |b RHODES  |c KRI  |e 20060403  |h  938.16 BAL  |p 005400021765  |q 005400021765  |t BK  |y 0 
901 |a BIBL4-2006-1 
970 |a Κόζα   |b Μαρία  |z 2006/04/03